01009cam a2200301Ia 4500001000700000003000400007005001700011008004100028010001700069020001500086035002300101035002400124037006200148040002500210043001200235082001900247100001900266245008100285246002600366250001200392260005200404300003800456440001700494504005300511610006200564650003000626650005100656610190OSt20180827100956.0020809t20001999ii ab b 000 0 eng d a 2005387519 a8190084976 a(OCoLC)ocm50338189 a(OCoLC)ocm50338189  bLibrary of Congress -- New Delhi Overseas OfficecRs70.00 aITCcITCdOCLCQdDLC aa-ii--- 4a285.254bN437A1 aNengzakhup, S.14aThe Presbyterian Church of Mizoram's amazing Mizo missions /cS. Nengzakhup.17aAmazing Mizo missions a2nd ed. aBangalore, India :bSAIACS Press,c2000, c1999. ax, 102 p. :bill., maps ;c22 cm. 0aSpire series aIncludes bibliographical references (p. 97-102).20aPresbyterian Church of MizoramxMissionszIndiazMizoram. 0aMissionszIndiazMizoram. 0aPresbyterian ChurchxMissionszIndiazMizoram.